Transmision de informacion, modulacion y ruido : enfoque unificado de los sistemas de comunicacion

Guardado en:
Bibliografiske detaljer
Hovedforfatter: Schwartz, Mischa, 1926-
Format: Bog
Sprog:Undetermined
Udgivet: México : McGraw-Hill, c1983.
Fag:
Tags: Tilføj Tag
Ingen Tags, Vær først til at tagge denne postø!

MARC

LEADER 00000nam a2200000Ia 4500
003 000309
005 20221231143937.0
008 140114s9999 xx 000 0 und d
040 |c cru CEDI 
082 |a 621.38 S432t 
100 |a Schwartz, Mischa, 1926-  |9 19400 
245 |a Transmision de informacion, modulacion y ruido : enfoque unificado de los sistemas de comunicacion 
260 |a México : McGraw-Hill,   |c c1983. 
300 |a xv, 685 páginas : ilustraciones ; 23 cm. 
500 |a Traduccion de: Information transmission modulation and noise. 
650 |x TEORIA DE LA INFORMACION   |x TELECOMUNICACIONES   |x ELECTRONICA  |9 19401 
942 |2 ddc  |c TFG 
999 |c 14576  |d 14576